Weiterdenken - Deutschland - Statistiken

Allgemein
  • Dieses Quiz wurde 238 mal gespielt
  • Das Durchschnittsergebnis liegt bei 17 aus 25
Antwortstatistiken
Frage Antwort % Korrekt
Wie heißt die Hauptstadt Deutschlands? Berlin
100%
Welches Bundesland umgibt ^? Niedersachsen
89%
Durch wie viele Bundesländer fließt die ^? 7
88%
Wie heißt Deutschlands zweitgrößte Stadt mit dem Anfangsbuchstaben von ^? Bremen
88%
Wie heißt der längste Fluss der durch ^ fließt? Elbe
82%
In welchem Bundesland liegt ^? Baden-Württemberg
79%
Welches Nachbarland liegt westlich vom ^? Frankreich
77%
Welches Bundesland wurde nach dem 2. Weltkrieg durch ^ teilweise autonom? Saarland
77%
Wie heißt die ^-größte Stadt Deutschlands? Stuttgart
77%
Für welches Bauwerk ist ^ bekannt? Dom
68%
Wie heißt die einwohnerstärkste deutsche Stadt mit dem Anfangsbuchstaben von ^? Köln
67%
In welchem Bundesland liegt ^? Nordrhein-Westfalen
67%
Welches Mittelgebirge befindet sich im Südwesten von ^? Schwarzwald
65%
Wie heißt die größte Stadt aus dem 2. Namensteil von ^? Dortmund
62%
Wie heißt der größte Rivale von dem Fußballverein aus ^? FC Schalke 04
62%
In welchen Fluss mündet der namensgebende Fluss vom ^? Mosel
62%
In welcher Stadt spielt ^? Gelsenkirchen
61%
Wie heißt ein ^-ähnliches Bauwerk in Freiburg oder Ulm? Münster
61%
Wie heißt die größte deutsche Stadt an der ^? Koblenz
58%
In welchem ostdeutschen Bundesland befindet sich die drittgrößte Stadt mit dem Anfangsbuchstaben von ^? Thüringen
56%
Welches Bundesland trägt fast den gleichen Namen wie ^, nur mit einem zusätzlichen 2. Teil? Sachsen-Anhalt
52%
In welchem Bundesland befindet sich das ^-land hauptsächlich? Sachsen
49%
Wie heißt die größte Stadt in ^? Halle
45%
Nahe welcher Stadt mit 330.000 Einwohnern liegt ^ (Westfalen)? Bielefeld
34%
Wie lautet der Nachname von dem Ministerpräsidenten von ^? Voigt
31%
Keine übereinstimmenden Quizze gefunden
Verteilung der Resultate
Anzahl Personen mit jedem Resultat
Perzentil nach korrekt beantworteten Fragen
Ihre Resultats-Entwicklung
Sie haben dieses Quiz noch nicht gespielt